000 00796cam a2200241 a 4500
001 14600049
005 20180112071108.0
008 061018s2006 dcu b 001 0 eng
010 _a 2006284759
020 _a1596980079 (pbk. : p. 4 of cover)
020 _a0895260425 (pbk. : t.p. verso)
040 _aDLC
_cDLC
_dDLC
041 _aeng
043 _an-us---
080 _a692.290.NEW
_b692.290 NEW
100 1 _a22
101 _aPOL
245 1 0 _aWinning the future :
_cNewt Gingrich.
504 _aIncludes bibliographical references and index.
906 _a7
_bcbc
_corigcop
_d2
_encip
_f20
_gy-gencatlg
942 _2ddc
_cBK
999 _c40210
_d40210